Представление документа в формате MARC21

Поле Инд. ПП Название Значение
Тип записи a
Библиографический уровень m
001 Контрольный номер 3a6b6f06756143bebd6c5d4286fbc68f
005 Дата корректировки 20260515111155.2
020 a ISBN 978-5-09-110737-1
097 b Оператор *Ви*
100 1_ a Автор Бартенева И.Ю.
245 10 a Заглавие Французский язык. Базовый уровень. Тетрадь-тренажер
b Продолж. заглавия учебное пособие для образовательных организаций, реализующих образовательные программы среднего профессионального образования
260 a Место издания Москва
b Издательство Просвещение
c Дата издания 2025
300 a Объем 140 с.
516 8_ a Прим. о типе комп. файла/ данных Текст : электронный
516 8_ a Прим. о типе комп. файла/ данных Режим доступа: для авторизир. пользователей
516 8_ a Прим. о типе комп. файла/ данных Дата обращения: 05.05.2026
520 0_ a Аннотация Данная тетрадь-тренажёр разработана в комплекте с учебником А. С. Кулигиной, А. В. Щепиловой «Французский язык. Базовый уровень» в соответствии с требованиями Федерального государственного образовательного стандарта среднего общего образования в редакции Приказа Министерства просвещения РФ № 732 от 12.08.2022 г. (в ред. Приказа Минпросвещения России от 27.12.2023 г. № 1028), требованиями Федеральной образовательной программы среднего общего образования, утверждённой Приказом Министерства просвещения Российской Федерации № 1014 от 23.11.2022 г., и предназначена для реализации образовательных программ среднего профессионального образования, реализуемых на базе основного общего образования или интегрированных с образовательными программами основного общего и среднего общего образования, при освоении учебных предметов, курсов, дисциплин (модулей) основного общего образования и (или) среднего общего образования. Тетрадь-тренажёр предназначена для учащихся средних специальных учебных заведений, изучающих французский язык. Задания пособия включают упражнения на тренировку навыков чтения, аудирования и письма, на закрепление пройденной лексики и грамматики. Они помогут учащимся научиться применять полученные знания в различных коммуникативных ситуациях в рамках изученной тематики. Аудиоприложение к тетради-тренажёру размещено на сайте издательства «Просвещение».
535 1_ a Хранилище ЭБС Лань
653 0_ a Ключевые слова Французский язык
a Ключевые слова Тетрадь-тренажёр
a Ключевые слова СПО
700 12 a Другие авторы Левина М.С.
856 40 u URL https://e.lanbook.com/book/497789
901 t Тип документа m
905 b Дата создания записи обработка 15.05.26